000 00521nam a2200181Ia 4500
005 20250326124633.0
008 250326s9999 xx 000 0 und d
037 _aTextbook
040 _aFMSL
_beng
_cFMSL
041 _aeng
_2eng
084 _aX:8ogD658(2:55) M5;12
_qFMSL
100 _aDavis G B
245 0 _aManagement information systems
_cDavis G B; Olson M H
260 _aNY
_bNY, McGraw-Hill
_c1985
300 _a693p
942 _cTB
_hX:8ogD658(2:55) M5;12
999 _c1274512
_d1274512